Влияние состава и структуры жидкости затворения на свойства древесно-цементных композиций; Вестник науки Сибири; № 5 (6)
| Parent link: | Вестник науки Сибири: электронный научный журнал/ Томский политехнический университет (ТПУ).— , 2011-.— 2226-0064 № 5 (6).— 2012.— [С. 261-268] |
|---|---|
| Drugi avtorji: | , , , |
| Izvleček: | Заглавие с титульного листа Авторы исследовали влияние водорастворимых химических добавок ионов металлов I, II, III, YIII групп элементов периодической системы Менделеева с различным анионным составом на прочностные характеристики древесно-цементных композиций. Показано, что наиболее эффективными являются растворы хлоридов кальция и железа. В данной работе представлен расчет кинетических параметров процессов твердения. |
| Jezik: | ruščina |
| Izdano: |
2012
|
| Serija: | Архитектура и строительство |
| Teme: | |
| Online dostop: | http://earchive.tpu.ru/handle/11683/15985 |
| Format: | Elektronski Book Chapter |
| KOHA link: | https://koha.lib.tpu.ru/cgi-bin/koha/opac-detail.pl?biblionumber=496798 |
MARC
| LEADER | 00000naa2a2200000 4500 | ||
|---|---|---|---|
| 001 | 496798 | ||
| 005 | 20231101101104.0 | ||
| 035 | |a (RuTPU)RU\TPU\prd\166563 | ||
| 035 | |a RU\TPU\prd\166562 | ||
| 090 | |a 496798 | ||
| 100 | |a 20130130d2012 k y0rusy50 ca | ||
| 101 | 0 | |a rus | |
| 102 | |a RU | ||
| 135 | |a drnn ---uucaa | ||
| 181 | 0 | |a i | |
| 182 | 0 | |a b | |
| 200 | 1 | |a Влияние состава и структуры жидкости затворения на свойства древесно-цементных композиций |f Н. В. Субботина [и др.] | |
| 203 | |a Текст |c электронный | ||
| 215 | |a 1 файл (1.29 Мб) | ||
| 225 | 1 | |a Архитектура и строительство | |
| 230 | |a Электронные текстовые данные (1 файл : 1.29 Мб) | ||
| 300 | |a Заглавие с титульного листа | ||
| 320 | |a [Библиогр.: с. 268 (10 назв.)] | ||
| 330 | |a Авторы исследовали влияние водорастворимых химических добавок ионов металлов I, II, III, YIII групп элементов периодической системы Менделеева с различным анионным составом на прочностные характеристики древесно-цементных композиций. Показано, что наиболее эффективными являются растворы хлоридов кальция и железа. В данной работе представлен расчет кинетических параметров процессов твердения. | ||
| 337 | |a Adobe Reader | ||
| 461 | 1 | |0 (RuTPU)RU\TPU\prd\143680 |x 2226-0064 |t Вестник науки Сибири |o электронный научный журнал |f Томский политехнический университет (ТПУ) |d 2011- | |
| 463 | 1 | |0 (RuTPU)RU\TPU\prd\166101 |t № 5 (6) |v [С. 261-268] |d 2012 | |
| 610 | 1 | |a химия | |
| 610 | 1 | |a строительные материалы | |
| 610 | 1 | |a древесно-цементные композиции | |
| 610 | 1 | |a прочностные характеристики | |
| 610 | 1 | |a свойства | |
| 610 | 1 | |a жидкости затворения | |
| 610 | 1 | |a ионы | |
| 610 | 1 | |a активированные системы | |
| 610 | 1 | |a электронный ресурс | |
| 675 | |a 691.51/55:666.041.2 |v 3 | ||
| 701 | 1 | |a Субботина |b Н. В. |g Наталья Валерьевна | |
| 701 | 1 | |a Саркисов |b Ю. С. |g Юрий Сергеевич | |
| 701 | 1 | |a Горленко |b Н. П. |g Николай Петрович | |
| 701 | 1 | |a Чернов |b Е. Б. |g Евгений Борисович | |
| 801 | 1 | |a RU |b 63413507 |c 20090623 |g PSBO | |
| 801 | 2 | |a RU |b 63413507 |c 20180116 |g PSBO | |
| 856 | 4 | |u http://earchive.tpu.ru/handle/11683/15985 | |
| 942 | |c BK | ||